[Event "It (Men) Santos BRA"]
[Site "?"]
[Date "2005.09.29"]
[Round "4"]
[White "Vescovi Giovanni P"]
[Black "Felgaer Ruben"]
[Result "1-0"]
[WhiteElo "2640"]
[BlackElo "2618"]
[PlyCount "75"]
[EventDate "2005.??.??"]
[Source "www.chesslib.no"]
[SourceDate "2004.05.04"]

1. d4 Nf6 2. c4 g6 3. Nc3 Bg7 4. e4 d6 5. Nf3 O-O 6. Be2 c5 7. d5 e6 8. Nd2 Na6 9. O-O Nc7 10. a4 b6 11. f4 exd5 12. cxd5 Re8 13. Rb1 Ba6 14. Re1 Bxe2 15. Rxe2 a6 16. Nf3 b5 17. e5 dxe5 18. d6 e4 19. Ne5 Ne6 20. Be3 Nd7 21. Nc6 Qb6 22. Ne7+ Rxe7 23. dxe7 Nd4 24. Bxd4 Bxd4+ 25. Kh1 f5 26. axb5 Qe6 27. bxa6 Qxe7 28. Qb3+ Qf7 29. Qxf7+ Kxf7 30. Ra1 Nb8 31. a7 Nc6 32. Nb5 Ke7 33. Ra6 Kd7 34. g4 Nb4 35. Rd6+ Ke7 36. gxf5 gxf5 37. Rb6 Rg8 38. Rg2 1-0

[Event "Batumi"]
[Site "?"]
[Date "1999.??.??"]
[Round "?"]
[White "Mikhalchishin, A."]
[Black "Georgiev, Ki"]
[Result "1/2-1/2"]
[WhiteElo "2550"]
[BlackElo "2650"]
[PlyCount "86"]
[EventDate "1999.??.??"]
[Source "Chess Informant"]
[SourceDate "1999.10.01"]

1. Nf3 c5 2. c4 g6 3. d4 Bg7 4. e4 d6 5. d5 Nf6 6. Nc3 O-O 7. Be2 e6 8. O-O Re8 9. Nd2 Na6 10. f4 exd5 11. cxd5 Nc7 12. a4 b6 13. Re1 Rb8 14. Bf3 Ba6 15. Ndb1 Nd7 16. Be3 f5 17. Nd2 Nf6 18. exf5 gxf5 19. Qc2 Qd7 20. h3 Re7 21. Bf2 Rbe8 22. Rxe7 Rxe7 23. Rd1 Re8 24. b3 b5 25. axb5 Nxb5 26. Nxb5 Bxb5 27. Re1 Rxe1+ 28. Bxe1 Qe7 29. Bf2 Bd7 30. Qd3 Bh6 31. g3 Bg7 32. Kg2 Bc8 33. Qc4 a5 34. Qd3 Bd7 35. Nc4 Ne4 36. Nxa5 Nxf2 37. Kxf2 Bd4+ 38. Kf1 Bb5 39. Qxb5 Qe3 40. Qb8+ Kg7 41. Qc7+ Kh8 42. Qd8+ Kg7 43. Qg5+ Kh8 1/2-1/2

[Event "Ch Yugoslavia Open"]
[Site "Baden-Baden GER"]
[Date "1996.??.??"]
[Round "9"]
[White "Golubev, Mihail"]
[Black "Tiviakov, Sergei"]
[Result "0-1"]
[WhiteElo "2525"]
[BlackElo "2625"]
[PlyCount "67"]
[EventDate "1996.??.??"]
[Source "www.chesslib.no"]
[SourceDate "2004.05.04"]

1. d4 Nf6 2. c4 g6 3. Nc3 Bg7 4. e4 d6 5. f4 O-O 6. Nf3 c5 7. d5 e6 8. Be2 exd5 9. cxd5 Re8 10. e5 dxe5 11. fxe5 Ng4 12. Bg5 Qa5 13. O-O Nxe5 14. d6 h6 15. Nxe5 Rxe5 16. Be7 Be6 17. Bf3 c4 18. Kh1 Nd7 19. Qd2 Rb8 20. Bh4 Rc5 21. Bf2 Rcc8 22. Rad1 Ne5 23. Bd5 Nd3 24. Bxe6 fxe6 25. Bg3 Rf8 26. Qe2 e5 27. Qe4 Kh7 28. Nd5 Qc5 29. Ne7 Qxd6 30. Rxf8 Rxf8 31. Nd5 b5 32. Ne3 Qc5 33. h3 Rf4 34. Qb7 0-1

[Event "Pappier Memorial A"]
[Site "CAPA email"]
[Date "1998.??.??"]
[Round "?"]
[White "Al Thani, Mohammed Bin Khalid"]
[Black "Galvao, Luiz Carlos S"]
[Result "1-0"]
[WhiteElo "2630"]
[BlackElo "2510"]
[PlyCount "51"]
[EventDate "1998.??.??"]
[Source "www.chesslib.no"]
[SourceDate "2004.05.04"]

1. d4 Nf6 2. c4 c5 3. d5 e6 4. Nc3 exd5 5. cxd5 d6 6. Nf3 g6 7. Nd2 Nbd7 8. e4 Bg7 9. Be2 O-O 10. O-O Re8 11. f4 a6 12. a4 Rb8 13. Kh1 Qc7 14. Ra2 c4 15. e5 dxe5 16. Nxc4 e4 17. f5 Qd8 18. Nd6 Re7 19. fxg6 hxg6 20. Bg5 Qb6 21. Nc4 Qd8 22. Rf4 Nh7 23. Bxe7 Qxe7 24. Rxe4 Qf8 25. d6 b5 26. axb5 1-0

[Event "56th ch-RUS"]
[Site "Krasnoyarsk"]
[Date "2003.09.04"]
[Round "2"]
[White "Belozerov, Andrei"]
[Black "Inarkiev, Ernesto"]
[Result "1/2-1/2"]
[WhiteElo "2541"]
[BlackElo "2582"]
[PlyCount "114"]
[EventDate "2003.09.03"]
[Source "Roberto Alvarez"]
[SourceDate "2003.09.15"]

1. d4 Nf6 2. c4 g6 3. Nc3 Bg7 4. e4 d6 5. f4 O-O 6. Nf3 c5 7. d5 e6 8. Be2 exd5 9. cxd5 Re8 10. e5 dxe5 11. fxe5 Ng4 12. Bg5 Qb6 13. O-O Nd7 14. d6 Qxb2 15. Na4 Qa3 16. Bb5 h6 17. Be7 c4 18. Qc1 Qe3+ 19. Kh1 Nf2+ 20. Rxf2 Qxf2 21. Qxc4 Nxe5 22. Nxe5 Be6 23. Qe4 Bf5 24. Qe1 Qd4 25. Nxf7 Qxa1 26. Nxh6+ Kh7 27. Qxa1 Bxa1 28. Nxf5 gxf5 29. Bxe8 Rxe8 30. g3 Bd4 31. d7 Ra8 32. d8=Q Rxd8 33. Bxd8 b5 34. Kg2 Kg6 35. Kf3 bxa4 36. Kf4 Bc3 37. Be7 Bg7 38. Bc5 a6 39. Bd6 Bc3 40. Bc7 Kf6 41. Bd8+ Ke6 42. Kg5 Bd2+ 43. Kg6 f4 44. gxf4 Bxf4 45. h4 Bg3 46. h5 Bf4 47. Kg7 Be3 48. Kf8 Bh6+ 49. Ke8 a3 50. Be7 Bc1 51. Bd8 Bh6 52. Bh4 Be3 53. Be7 Bc1 54. Bf8 Kf6 55. Kd7 Kf7 56. Bb4 Kg7 57. Kc6 Kh6 1/2-1/2

[Event "Open International de Corse - Bastia"]
[Site "Bastia"]
[Date "2004.10.29"]
[Round "3.5"]
[White "Tregubov, Pavel V"]
[Black "Gruenfeld, Yehuda"]
[Result "0-1"]
[WhiteElo "2629"]
[BlackElo "2473"]
[PlyCount "62"]
[EventDate "2004.10.29"]
[Source "Roberto Alvarez"]
[SourceDate "2004.11.08"]

1. d4 Nf6 2. Nf3 e6 3. c4 c5 4. d5 d6 5. Nc3 exd5 6. cxd5 g6 7. Nd2 Nbd7 8. e4 Bg7 9. Be2 O-O 10. O-O Re8 11. f4 c4 12. Kh1 Nc5 13. e5 dxe5 14. fxe5 Rxe5 15. Nxc4 Re8 16. Bg5 h6 17. Bxf6 Bxf6 18. d6 Bxc3 19. bxc3 Bf5 20. Bf3 Bd3 21. Bd5 Bxf1 22. Qxf1 Rf8 23. Re1 Ne6 24. Bxb7 Rb8 25. Bd5 Rb5 26. Rd1 Qg5 27. Bf3 Nd8 28. h3 Qf4 29. Ne3 Rc5 30. Nd5 Qg5 31. Ne7+ Kg7 0-1

[Event "Athens op"]
[Site "Athens"]
[Date "1999.??.??"]
[Round "9"]
[White "Papaioannou, Ioannis"]
[Black "Cela, Altin"]
[Result "1/2-1/2"]
[WhiteElo "2542"]
[BlackElo "2536"]
[PlyCount "57"]
[EventDate "1999.??.??"]
[Source "www.chesslib.no"]
[SourceDate "2004.05.04"]

1. d4 Nf6 2. c4 g6 3. Nc3 Bg7 4. e4 d6 5. f4 c5 6. d5 O-O 7. Nf3 e6 8. Be2 exd5 9. cxd5 Re8 10. e5 dxe5 11. fxe5 Ng4 12. Bg5 Qb6 13. O-O Nxe5 14. Nxe5 Bxe5 15. Bc4 Qxb2 16. Nb5 Bf5 17. Rc1 Nd7 18. d6 Nb6 19. Bd3 Be6 20. Nc7 Qxa2 21. Nxe8 Rxe8 22. Be4 Bd4+ 23. Kh1 Nc4 24. Be7 Qa6 25. d7 Bxd7 26. Bxc5 Rxe4 27. Bxd4 Qe6 28. Qd3 b5 29. Bxa7 1/2-1/2

[Event "Moscow RUS"]
[Site "?"]
[Date "2004.02.22"]
[Round "6"]
[White "Zhukova Natalia"]
[Black "Efimenko Zahar"]
[Result "0-1"]
[WhiteElo "2481"]
[BlackElo "2594"]
[PlyCount "82"]
[EventDate "2004.??.??"]
[Source "www.chesslib.no"]
[SourceDate "2004.05.04"]

1. d4 Nf6 2. c4 g6 3. Nc3 Bg7 4. e4 d6 5. Nf3 O-O 6. Be2 c5 7. d5 e6 8. O-O exd5 9. cxd5 Re8 10. Nd2 Na6 11. f4 Rb8 12. a4 Nb4 13. Bf3 b6 14. Nc4 Ba6 15. Qb3 Bxc4 16. Qxc4 Nc2 17. Rb1 Nd4 18. Bd2 Rb7 19. b4 Rbe7 20. bxc5 bxc5 21. Qa6 Nxf3+ 22. gxf3 Nh5 23. f5 gxf5 24. exf5 Bxc3 25. Bxc3 Re3 26. Qc4 Qg5+ 27. Kh1 Qxf5 28. Qg4+ Qxg4 29. fxg4 Ng3+ 30. hxg3 Rxc3 31. Rf6 Rxg3 32. Rxd6 Re5 33. Rg1 Rh3+ 34. Kg2 Ra3 35. Kf2 Rxa4 36. Rc1 Ra2+ 37. Kf1 Kg7 38. Rc6 Rxd5 39. R6xc5 Rxc5 40. Rxc5 a5 41. g5 h6 0-1

[Event "Paris Ch"]
[Site "Paris FRA"]
[Date "1990.??.??"]
[Round "?"]
[White "Vaisser, Anatoli V"]
[Black "Murey, Jacob I"]
[Result "1-0"]
[WhiteElo "2540"]
[BlackElo "2530"]
[PlyCount "111"]
[EventDate "1990.05.??"]
[Source "www.chesslib.no"]
[SourceDate "2004.05.04"]

1. d4 Nf6 2. c4 g6 3. Nc3 Bg7 4. e4 d6 5. f4 c5 6. d5 e6 7. Nf3 exd5 8. cxd5 O-O 9. Be2 Re8 10. e5 dxe5 11. fxe5 Ng4 12. Bg5 Qb6 13. O-O c4+ 14. Kh1 Nd7 15. e6 fxe6 16. dxe6 Ndf6 17. Bxc4 Bxe6 18. Bxe6+ Rxe6 19. Qd4 Ne4 20. Qxb6 axb6 21. Nxe4 Rxe4 22. h3 Ne3 23. Rfe1 Nf5 24. g4 Ng3+ 25. Kg2 Ne2 26. Rad1 h6 27. Rd8+ Rxd8 28. Bxd8 Nf4+ 29. Kg3 Rxe1 30. Nxe1 Nd5 31. Nd3 Kf7 32. Kf3 g5 33. Ke4 Ke6 34. a4 Bf6 35. Bxf6 Nxf6+ 36. Kd4 Nd5 37. a5 Kd6 38. axb6 Nxb6 39. Nc5 Kc6 40. Ne6 Kd7 41. Ng7 Kc6 42. Nf5 Nd5 43. Ke4 Nf4 44. Ke5 Nd5 45. Nd4+ Kc5 46. Ne6+ Kc6 47. Nd8+ Kc5 48. Nxb7+ Kc6 49. Nd8+ Kc5 50. Ne6+ Kc6 51. Nd4+ Kc5 52. Ne6+ Kc6 53. Nd8+ Kc5 54. Ke4 Kc4 55. Nf7 Nf4 56. Kf5 1-0

[Event "Corr"]
[Site "?"]
[Date "1998.01.05"]
[Round "?"]
[White "Mercadal Benejam Jose (ESP)"]
[Black "Gerhardt Frank (GER)"]
[Result "0-1"]
[WhiteElo "2510"]
[BlackElo "2560"]
[PlyCount "135"]
[EventDate "1998.??.??"]
[Source "www.chesslib.no"]
[SourceDate "2004.05.04"]

1. d4 Nf6 2. c4 g6 3. Nc3 Bg7 4. e4 d6 5. f4 O-O 6. Nf3 c5 7. d5 e6 8. Be2 exd5 9. cxd5 Re8 10. e5 dxe5 11. fxe5 Ng4 12. Bg5 Qb6 13. O-O Nxe5 14. Nxe5 Bxe5 15. Bc4 Qxb2 16. d6 Rf8 17. Rc1 Bxc3 18. Be7 Bd4+ 19. Kh1 Nd7 20. Bxf8 Nxf8 21. Rb1 Qc3 22. Bxf7+ Kh8 23. Rb3 Qa5 24. Qe2 Bf5 25. Bd5 c4 26. Qxc4 Qc5 27. Rxb7 Rd8 28. Rd1 Qxc4 29. Bxc4 Bc5 30. Rc7 Nd7 31. Bb5 Bb6 32. Bxd7 Bxd7 33. h3 Bxh3 34. Re7 Bf5 35. a4 Kg8 36. a5 Bxa5 37. Rxa7 Bc3 38. Rc1 Bd4 39. Ra6 Be5 40. Re1 Bg3 41. Rd1 h5 42. Ra3 Rxd6 43. Rxd6 Bxd6 44. Ra6 Bg3 45. Ra7 Be6 46. Kg1 Bf7 47. Kf1 h4 48. Kg1 Kg7 49. Ra6 Kh6 50. Rf6 Bd5 51. Ra6 Be4 52. Ra4 Bf5 53. Ra6 Kg5 54. Ra4 Kf6 55. Ra6+ Ke5 56. Ra4 Be4 57. Ra5+ Kd4 58. Ra4+ Ke3 59. Ra3+ Bd3 60. Ra8 Bf2+ 61. Kh2 g5 62. Rg8 Kf4 63. Rd8 Bf5 64. Rf8 g4 65. Kh1 Bd4 66. Rd8 Bc5 67. Rd5 Bf2 68. Rd2 0-1

[Event "ECC"]
[Site "Rethymnon"]
[Date "2003.10.04"]
[Round "7"]
[White "Kozul, Zdenko"]
[Black "Pantsulaia, Levan"]
[Result "0-1"]
[WhiteElo "2596"]
[BlackElo "2461"]
[PlyCount "78"]
[EventDate "2003.09.28"]
[Source "Roberto Alvarez"]
[SourceDate "2003.10.06"]

1. d4 Nf6 2. Nf3 e6 3. c4 c5 4. d5 exd5 5. cxd5 d6 6. Nc3 a6 7. a4 g6 8. Nd2 Nbd7 9. e4 Bg7 10. Be2 O-O 11. O-O Re8 12. f4 Rb8 13. Kh1 h5 14. a5 b5 15. axb6 Rxb6 16. Nc4 Nxe4 17. Nxe4 Rxe4 18. Nxb6 Nxb6 19. Bxa6 Rd4 20. Qe2 Bg4 21. Qb5 Nxd5 22. Bb7 Bd7 23. Qa5 Qxa5 24. Rxa5 Nb4 25. Bc8 Bc6 26. f5 Rg4 27. Rf3 Rc4 28. Bg5 Bf6 29. h4 Bxg5 30. hxg5 Bxf3 31. gxf3 gxf5 32. Ra7 Nc6 33. Rd7 Rd4 34. f4 Kg7 35. Rc7 Nd8 36. Bxf5 Rxf4 37. Bh3 Rd4 38. b3 Kg6 39. Rd7 Ne6 0-1

[Event "URS Team Ch"]
[Site "Riga LAT"]
[Date "1975.??.??"]
[Round "?"]
[White "Grigoryan, Karen A"]
[Black "Suetin, Alexei S"]
[Result "0-1"]
[WhiteElo "2520"]
[BlackElo "2520"]
[PlyCount "73"]
[EventDate "1975.07.15"]
[Source "www.chesslib.no"]
[SourceDate "2004.05.04"]

1. d4 Nf6 2. c4 c5 3. d5 d6 4. Nc3 g6 5. Nf3 Bg7 6. e4 O-O 7. Be2 e6 8. O-O Re8 9. Nd2 Na6 10. Rb1 Nc7 11. a4 b6 12. f4 exd5 13. cxd5 Ba6 14. Bxa6 Nxa6 15. Qf3 Qe7 16. b3 Nb4 17. Bb2 Nc2 18. Rbc1 Nd4 19. Qd3 a6 20. Rce1 Nd7 21. h3 Rec8 22. e5 dxe5 23. Nc4 f6 24. fxe5 fxe5 25. Ne4 Rf8 26. Ncd6 Nf6 27. Nxf6+ Rxf6 28. Ne4 Rxf1+ 29. Rxf1 Qd7 30. Rf6 b5 31. Nxc5 Qxd5 32. Rxa6 Rxa6 33. Nxa6 e4 34. Qe3 bxa4 35. bxa4 Nf5 36. Qb6 Bxb2 37. Qxb2 0-1

[Event "XXX Intercooperativo por Equipos 2hSD"]
[Site "Buenos Aires"]
[Date "2004.??.??"]
[Round "3"]
[White "Lafuente, Pablo"]
[Black "Felgaer, Ruben"]
[Result "0-1"]
[WhiteElo "2433"]
[BlackElo "2592"]
[PlyCount "62"]
[EventDate "2004.08.21"]
[Source "Roberto Alvarez"]
[SourceDate "2004.10.05"]

1. d4 Nf6 2. c4 g6 3. Nc3 Bg7 4. e4 d6 5. Be2 O-O 6. Nf3 c5 7. d5 e6 8. O-O Re8 9. Nd2 Na6 10. f4 exd5 11. cxd5 Nc7 12. a4 b6 13. Rb1 Ba6 14. Bxa6 Nxa6 15. Qf3 Nb4 16. Nc4 Qd7 17. f5 Nc2 18. fxg6 fxg6 19. Bf4 Ng4 20. Qg3 Ne5 21. Nxe5 Bxe5 22. Bxe5 Rxe5 23. Rf2 Nd4 24. Rbf1 Rae8 25. Qh4 Qe7 26. Rf6 Rd8 27. Qf2 Rd7 28. Rf8+ Kg7 29. Ra8 Rb7 30. Qe3 b5 31. Qh3 b4 0-1

[Event "otb"]
[Site "otb"]
[Date "2007.05.23"]
[Round "3"]
[White "Jeremic Veljko"]
[Black "Leskur Dejan"]
[Result "0-1"]
[WhiteElo "2537"]
[BlackElo "2482"]
[PlyCount "94"]
[Source "www.chesslib.no"]
[SourceDate "2004.05.04"]

1. d4 Nf6 2. c4 c5 3. d5 g6 4. Nc3 Bg7 5. e4 d6 6. Be2 O-O 7. Nf3 e6 8. Nd2 Re8 9. O-O Na6 10. f4 exd5 11. cxd5 Nc7 12. a4 b6 13. Re1 Rb8 14. Bf3 Ba6 15. Ra3 Nd7 16. Nf1 Bxf1 17. Rxf1 a6 18. Ne2 b5 19. axb5 axb5 20. Ng3 b4 21. Ra2 c4 22. Be3 b3 23. Ra4 Nb6 24. Bxb6 Rxb6 25. Qd2 c3 26. bxc3 Nb5 27. Ne2 Qc7 28. c4 Na3 29. Qa5 b2 30. Rxa3 b1=Q 31. Rxb1 Rxb1+ 32. Kf2 Qxc4 33. Ra4 Qc2 34. Qa7 Qd1 35. Kg3 Bf6 36. Kh3 Qe1 37. Ng3 Ra1 38. e5 Bxe5 39. fxe5 Rxa4 40. Qxa4 Qxe5 41. Qd7 f5 42. Ne2 Re7 43. Qd8+ Kf7 44. g4 Qe3 45. Kg2 fxg4 46. Bxg4 Qg5 47. Qc8 h5 0-1

[Event "Montauban FRA"]
[Site "?"]
[Date "2000.06.23"]
[Round "8"]
[White "Flear Glenn"]
[Black "Murey Jacob"]
[Result "1/2-1/2"]
[WhiteElo "2519"]
[BlackElo "2487"]
[PlyCount "59"]
[EventDate "2000.??.??"]
[Source "www.chesslib.no"]
[SourceDate "2004.05.04"]

1. d4 Nf6 2. c4 g6 3. Nc3 Bg7 4. e4 d6 5. f4 c5 6. d5 e6 7. Nf3 exd5 8. cxd5 O-O 9. Be2 Re8 10. Nd2 Nbd7 11. O-O c4 12. Kh1 Nc5 13. e5 dxe5 14. fxe5 Nfd7 15. e6 fxe6 16. Nxc4 exd5 17. Nd6 Re6 18. Qxd5 Nb6 19. Qxc5 Qxd6 20. Qxd6 Rxd6 21. Bf3 Rd4 22. Be3 Rb4 23. Rad1 Bg4 24. Bxg4 Rxg4 25. Nd5 Nxd5 26. Rxd5 Re4 27. Bxa7 Bxb2 28. Rb5 Rxa7 29. Rxb2 Re5 30. h3 1/2-1/2

[Event "Linares Anibal op"]
[Site "Linares"]
[Date "1999.01.16"]
[Round "9"]
[White "Bagaturov, Giorgi"]
[Black "Svetushkin, Dmitry"]
[Result "1-0"]
[WhiteElo "2540"]
[BlackElo "2460"]
[PlyCount "59"]
[EventDate "1999.01.??"]
[Source "ChessBase"]
[SourceDate "1999.03.01"]

1. d4 Nf6 2. c4 g6 3. Nc3 Bg7 4. e4 d6 5. f4 O-O 6. Nf3 c5 7. d5 e6 8. Be2 exd5 9. cxd5 Re8 10. e5 dxe5 11. fxe5 Ng4 12. Bg5 f6 13. exf6 Bxf6 14. Qd2 Bxg5 15. Qxg5 Qxg5 16. Nxg5 Bf5 17. h3 Ne3 18. g4 h6 19. Nf3 Bd7 20. Kf2 Na6 21. Bd3 Nb4 22. Bxg6 Re7 23. Be4 Nc4 24. a3 Na6 25. Rhe1 Rf8 26. d6 Ref7 27. Bd5 Nxd6 28. Kg3 Nc7 29. Bxf7+ Nxf7 30. Re7 1-0

[Event "Andorra la Vella op"]
[Site "Andorra la Vella"]
[Date "1999.07.03"]
[Round "8"]
[White "Kuzmin, Alexey"]
[Black "Kovacevic, Slobodan"]
[Result "1/2-1/2"]
[WhiteElo "2559"]
[BlackElo "2437"]
[PlyCount "90"]
[EventDate "1999.06.27"]
[Source "www.chesslib.no"]
[SourceDate "2004.05.04"]

1. d4 Nf6 2. Nf3 e6 3. c4 c5 4. d5 exd5 5. cxd5 d6 6. Nc3 g6 7. Nd2 Nbd7 8. e4 Bg7 9. Be2 O-O 10. O-O Re8 11. f4 c4 12. a4 Nc5 13. Bf3 b6 14. e5 dxe5 15. fxe5 Rxe5 16. Nxc4 Rf5 17. d6 Rb8 18. Nb5 Be6 19. Ne3 Bb3 20. Nxf5 Bxd1 21. Ne7+ Kh8 22. Nc6 Bxf3 23. Nxd8 Bd5 24. Bg5 Nce4 25. Bxf6 Nxf6 26. Rad1 Rxd8 27. Rxf6 Bb3 28. Rff1 Bxd1 29. Rxd1 Rd7 30. Rc1 a6 31. Rc8+ Bf8 32. Nc7 Kg7 33. Ne8+ Kh6 34. Rc7 Rd8 35. d7 Kg5 36. Rb7 Kf5 37. Kf1 Bc5 38. b4 Bd4 39. Ke2 Ke6 40. Nc7+ Kd6 41. Nxa6 Rxd7 42. Rxd7+ Kxd7 43. Kd3 Bg1 44. h3 f5 45. Kc4 Kc6 1/2-1/2

[Event "Leinfelder Schachtage op 2nd"]
[Site "?"]
[Date "2000.??.??"]
[Round "3"]
[White "Haba Petr"]
[Black "Enders Peter"]
[Result "0-1"]
[WhiteElo "2517"]
[BlackElo "2478"]
[PlyCount "90"]
[EventDate "2000.??.??"]
[Source "www.chesslib.no"]
[SourceDate "2004.05.04"]

1. d4 Nf6 2. c4 c5 3. d5 e6 4. Nc3 exd5 5. cxd5 d6 6. Nf3 g6 7. Nd2 Nbd7 8. e4 Bg7 9. Be2 O-O 10. O-O Re8 11. f4 h5 12. Kh1 Nf8 13. f5 N8h7 14. Bd3 Ng4 15. Nc4 Ne5 16. Bf4 Nxc4 17. Bxc4 g5 18. Bd2 h4 19. Qh5 Qf6 20. Nb5 Re5 21. Nc7 Rb8 22. Ne6 Qh6 23. Nxg7 Qxg7 24. Bd3 b5 25. b4 c4 26. Bc2 Bd7 27. Bc3 Rbe8 28. Qf3 Nf6 29. Qf2 Rxe4 30. Bxf6 Qxf6 31. Bxe4 Rxe4 32. Rae1 Rd4 33. Qb2 Kg7 34. Re7 Bxf5 35. Rxa7 Rxd5 36. Qf2 h3 37. gxh3 c3 38. Rc7 Be4+ 39. Kg1 Rf5 40. Qe1 Qd4+ 41. Rf2 Rxf2 42. Qxf2 Qd1+ 43. Qf1 c2 44. Rxf7+ Kh6 45. Rc7 Bd3 0-1

[Event "Budapest (open)"]
[Site "?"]
[Date "1989.??.??"]
[Round "?"]
[White "Glek, I."]
[Black "Cseshkovsky, V."]
[Result "1/2-1/2"]
[WhiteElo "2475"]
[BlackElo "2520"]
[PlyCount "87"]
[EventDate "1989.??.??"]
[Source "ChessBase"]
[SourceDate "1989.01.01"]

1. d4 Nf6 2. c4 c5 3. d5 g6 4. Nc3 d6 5. e4 Bg7 6. f4 O-O 7. Nf3 a6 8. a4 e6 9. Be2 exd5 10. cxd5 Re8 11. Nd2 Nbd7 12. O-O c4 13. Kh1 Nc5 14. e5 dxe5 15. fxe5 Rxe5 16. Nxc4 Rxe2 17. Nxe2 Bg4 18. Ne5 Nce4 19. Bf4 g5 20. Be3 Bh5 21. d6 h6 22. Qd3 Qxd6 23. Qxd6 Nxd6 24. Ng3 Nfe4 25. Nxh5 Bxe5 26. Rad1 Bxb2 27. Bd4 Bxd4 28. Rxd4 Rc8 29. Nf6+ Nxf6 30. Rxd6 Ng4 31. Rb6 Rc2 32. Rxb7 Ne3 33. Rfb1 Ra2 34. R7b4 a5 35. Re4 Nd5 36. Rf1 Kg7 37. Re5 Nf4 38. g3 Nh3 39. Rxa5 g4 40. Raf5 Ng5 41. R1f4 Kg6 42. h4 gxh3 43. Rf6+ Kg7 44. R6f5 1/2-1/2

[Event "Val Thorens A"]
[Site "?"]
[Date "1996.??.??"]
[Round "5"]
[White "Farago Ivan"]
[Black "Giaccio Alfredo Gustavo"]
[Result "1-0"]
[WhiteElo "2515"]
[BlackElo "2465"]
[PlyCount "45"]
[EventDate "1996.??.??"]
[Source "www.chesslib.no"]
[SourceDate "2004.05.04"]

1. d4 g6 2. c4 Bg7 3. e4 c5 4. d5 d6 5. Be2 e6 6. Nc3 exd5 7. cxd5 Nf6 8. Nf3 O-O 9. Nd2 a6 10. a4 Re8 11. O-O Nbd7 12. f4 c4 13. Kh1 Nc5 14. e5 dxe5 15. fxe5 Nfd7 16. e6 fxe6 17. Nxc4 Nb6 18. Be3 Nxc4 19. Bxc4 Bxc3 20. Bxc5 Bg7 21. dxe6 Qh4 22. Qf3 Kh8 23. Qf7 1-0

[Event "Vrnjacka Banja"]
[Site "?"]
[Date "1978.??.??"]
[Round "15"]
[White "Ermenkov Evgenij"]
[Black "Martinovic Slobodan"]
[Result "1-0"]
[WhiteElo "2520"]
[BlackElo "2460"]
[PlyCount "67"]
[EventDate "1978.??.??"]
[Source "www.chesslib.no"]
[SourceDate "2004.05.04"]

1. d4 Nf6 2. Nf3 g6 3. c4 Bg7 4. Nc3 O-O 5. e4 d6 6. Be2 c5 7. d5 e6 8. Nd2 Re8 9. O-O Na6 10. Kh1 Nc7 11. a4 Rb8 12. f4 exd5 13. cxd5 b6 14. Bf3 Ba6 15. Rf2 Nd7 16. Nf1 Bxf1 17. Rxf1 a6 18. Qc2 b5 19. Bd2 c4 20. axb5 Nxb5 21. Nxb5 axb5 22. Ra6 Nc5 23. Rc6 Rc8 24. Bc3 Bxc3 25. bxc3 Rxc6 26. dxc6 Qc7 27. e5 dxe5 28. fxe5 Rxe5 29. Qf2 f5 30. Qd4 Ne4 31. Qd7 Re7 32. Qd5+ Kf8 33. Bxe4 Re5 34. Qd4 1-0

[Event "5th Neckar Open, Deizisau GER"]
[Site "?"]
[Date "2001.??.??"]
[Round "8"]
[White "Farago, I."]
[Black "Kekelidze, M."]
[Result "1-0"]
[WhiteElo "2485"]
[BlackElo "2490"]
[PlyCount "51"]
[EventDate "2001.??.??"]
[Source "www.chesslib.no"]
[SourceDate "2004.05.04"]

1. d4 Nf6 2. c4 e6 3. Nf3 c5 4. d5 exd5 5. cxd5 d6 6. Nc3 g6 7. Nd2 a6 8. a4 Nbd7 9. e4 Bg7 10. Be2 O-O 11. O-O Re8 12. f4 c4 13. Kh1 Nc5 14. e5 dxe5 15. fxe5 Rxe5 16. Nxc4 Rf5 17. Bf4 Nxd5 18. Ne3 Bxc3 19. bxc3 Be6 20. Nxf5 Bxf5 21. Bg5 Qxg5 22. Qxd5 Qe3 23. Bg4 Bxg4 24. Qxf7+ Kh8 25. Rae1 Be2 26. Rf2 1-0

[Event "Berga"]
[Site "?"]
[Date "1990.??.??"]
[Round "?"]
[White "Semkov, S."]
[Black "Marin, M."]
[Result "0-1"]
[WhiteElo "2480"]
[BlackElo "2485"]
[PlyCount "82"]
[EventDate "1990.??.??"]
[Source "www.chesslib.no"]
[SourceDate "2004.05.04"]

1. d4 Nf6 2. c4 c5 3. d5 d6 4. Nc3 g6 5. e4 Bg7 6. f4 O-O 7. Nf3 e6 8. Be2 exd5 9. cxd5 Re8 10. e5 dxe5 11. fxe5 Ng4 12. Bg5 Qb6 13. O-O Nxe5 14. Nxe5 Bxe5 15. Bc4 Qxb2 16. d6 Rf8 17. Bxf7+ Kg7 18. Qd5 Qxc3 19. Rad1 Bf5 20. Rf3 Bd4+ 21. Kh1 Qxf3 22. gxf3 Rxf7 23. Bh6+ Kg8 24. Re1 Nc6 25. h4 Bg7 26. Bxg7 Kxg7 27. Qxc5 Rd8 28. Kg2 Rf6 29. Rd1 Rd7 30. Rd2 a6 31. Kg3 Nd8 32. h5 Nf7 33. Qc3 gxh5 34. Kh4 Bg6 35. f4 Rdxd6 36. Rg2 Rc6 37. Qb2 Rc4 38. Rf2 Nd6 39. Kh3 Bf5+ 40. Kh2 b5 41. Rd2 Nf7 0-1

[Event "56th ch-RUS"]
[Site "Krasnoyarsk"]
[Date "2003.09.11"]
[Round "8"]
[White "Chernyshov, Konstantin"]
[Black "Logunov, Maxim"]
[Result "1-0"]
[WhiteElo "2541"]
[BlackElo "2422"]
[PlyCount "69"]
[EventDate "2003.09.03"]
[Source "Roberto Alvarez"]
[SourceDate "2003.09.15"]

1. c4 Nf6 2. Nc3 g6 3. d4 Bg7 4. e4 d6 5. f4 c5 6. d5 O-O 7. Nf3 e6 8. Be2 exd5 9. cxd5 Re8 10. Nd2 a6 11. a4 Nbd7 12. O-O c4 13. a5 Nc5 14. e5 dxe5 15. Nxc4 e4 16. Be3 Nd3 17. Bb6 Qe7 18. d6 Qf8 19. Bxd3 exd3 20. Qxd3 Bf5 21. Qd2 Rac8 22. Ne5 Rxc3 23. bxc3 Ne4 24. Qd5 Nxc3 25. Qc4 Rc8 26. Bc7 Nb5 27. Rac1 Nxd6 28. Bxd6 Rxc4 29. Bxf8 Rxc1 30. Rxc1 Kxf8 31. Rc7 Be6 32. Rxb7 g5 33. g3 gxf4 34. gxf4 Bh6 35. f5 1-0

[Event "Wch22 sf"]
[Site "corr"]
[Date "1997.??.??"]
[Round "?"]
[White "Mercadal Benejam, Josep (ESP)"]
[Black "Marcinkiewicz, Jan"]
[Result "1-0"]
[WhiteElo "2515"]
[BlackElo "2445"]
[PlyCount "55"]
[EventDate "1997.??.??"]
[Source "www.chesslib.no"]
[SourceDate "2004.05.04"]

1. d4 Nf6 2. c4 g6 3. Nc3 Bg7 4. e4 d6 5. f4 O-O 6. Nf3 c5 7. d5 e6 8. Be2 exd5 9. cxd5 Re8 10. e5 dxe5 11. fxe5 Ng4 12. Bg5 Qb6 13. O-O Nxe5 14. Nxe5 Bxe5 15. Bc4 Qxb2 16. d6 Rf8 17. Rc1 Bxc3 18. Rb1 Bd4+ 19. Kh1 Qc3 20. Rc1 Qa3 21. Rxf7 Rxf7 22. Qe1 Be3 23. Bxe3 Bd7 24. Bxc5 Qa4 25. Bxf7+ Kxf7 26. Qe7+ Kg8 27. Qd8+ Kg7 28. Re1 1-0

[Event "CZE Ch"]
[Site "Olomouc CZE"]
[Date "1995.??.??"]
[Round "?"]
[White "Meduna, Eduard"]
[Black "Vokac, Marek"]
[Result "1/2-1/2"]
[WhiteElo "2480"]
[BlackElo "2475"]
[PlyCount "91"]
[EventDate "1995.??.??"]
[Source "www.chesslib.no"]
[SourceDate "2004.05.04"]

1. d4 g6 2. c4 Bg7 3. Nc3 c5 4. d5 d6 5. e4 Nf6 6. Nf3 O-O 7. Be2 e6 8. O-O exd5 9. cxd5 Re8 10. Nd2 Nbd7 11. f4 c4 12. Kh1 Nc5 13. e5 dxe5 14. Nxc4 e4 15. Be3 Nd3 16. Bxd3 exd3 17. Qxd3 Bf5 18. Qd2 Rc8 19. Ne5 Ne4 20. Qd4 Nd6 21. Rae1 g5 22. Qd1 g4 23. Nxg4 Nc4 24. Bc1 Qb6 25. Rxe8+ Rxe8 26. Ne5 Nxb2 27. Bxb2 Qxb2 28. Qf3 Rc8 29. Ne2 Qd2 30. Ng3 Bg6 31. f5 Rc3 32. Qe4 Re3 33. Nc4 Rxe4 34. Nxd2 Rd4 35. Nde4 Rxd5 36. h4 Ra5 37. h5 Be5 38. Rd1 Ra3 39. h6 f6 40. fxg6 hxg6 41. Rd7 Rxa2 42. Nf1 Ra4 43. Nf2 Rf4 44. Ne3 Rxf2 45. Rd8+ Kh7 46. Rd7+ 1/2-1/2